| 000 | 01447cam a22002771 4500 | ||
|---|---|---|---|
| 001 | 000016350 | ||
| 005 | 20200929164402.0 | ||
| 008 | 811014s1960 mx 000 0 spa | ||
| 010 | _a61041462 | ||
| 035 | _a(OCoLC)7847765 | ||
| 040 |
_aDO-SdBNP _cNmU _dDLC |
||
| 042 | _apremarc | ||
| 050 | 0 | 0 |
_aPQ8214 _b.P62 |
| 245 | 0 | 0 |
_aPoesia popular, alcances y apendice. : _bIndices. |
| 260 |
_aPuebla, Mexico, : _bJ. M. Cajica, Jr., _c[1960]. |
||
| 300 |
_a653 p. : _billus. ; _c22 cm. |
||
| 440 | 0 |
_aBiblioteca ecuatoriana minima, la colonia y la republica. _93109 |
|
| 504 | _aIncludes bibliographies. | ||
| 505 | 0 | _aPoesia popular; introduccion, por I. J. Barrera.--La poesia quichua.--Selecciones.--Coplas y cantares del pueblo ecuatoriano; estudio preliminar, por I. J. Barrera.--Selecciones.--Cantares de la cosgta ecuatoriana.--Poesia popular de la independencia.--Alcances.--Apendices: Atahualpa y Huascar vistos por F. G. Poma de Ayala; estudio, transcripciones, vocabulario y bibliografia por O. Holm.--Miguel de Estete; introduccion y notas, por C. M. Larrea.--Noticia del Peru de M. de Estete.--Indices alfabeticos de toda la Biblioteca. | |
| 650 | 0 |
_aEcuadorian poetry. _936465 |
|
| 650 | 0 |
_aFolk-songs, ecuadorian. _936466 |
|
| 650 | 0 |
_aEcuadorian poetry _xHistory and criticism. _936467 |
|
| 700 | 1 |
_aBarrera, Isaac J., _eed. _936468 |
|
| 730 | 0 |
_aBiblioteca ecuatoriana minima. (Indexes). _936469 |
|
| 910 | _aCatalogación derivada | ||
| 999 |
_c15885 _d15885 |
||